| 000 | 00642nam a2200193 i 4500 | ||
|---|---|---|---|
| 001 | 184494 | ||
| 003 | ES-MaACL | ||
| 005 | 20250808091958.0 | ||
| 008 | 150911s2007 sp |||| | spa d | ||
| 100 | 1 |
_aLluís y Navas, Jaime. _972976 |
|
| 245 | 1 | 3 |
_aEl depósito de bienes embargados por la Seguridad Social / _cJaime Lluís y Navas. |
| 260 |
_aBarcelona : _b[J.Lluís y Navas], _c2007. |
||
| 300 |
_a38 p. ; _c21 cm. |
||
| 504 | _aBibliografía: p. 37-38. | ||
| 650 | 7 |
_aDerecho de la seguridad social _2embne _9157445 |
|
| 650 | 0 | 4 |
_aDeudores y acreedores- _zEspaña. _911846 |
| 852 |
_aES-MaACL _j2332-F-34 |
||
| 999 |
_c184494 _d184494 |
||